000 00291nam a22001337a 4500
008 170315b xxu||||| |||| 00| 0 eng d
020 _a9780933452404
041 _aeng
080 _a591
100 _a7
101 _aSHM
245 _aTHE INFORMATION CONTINUUM
_cKING, B.J
942 _2udc
_cBK
999 _c7823
_d7823